[Event "Titled Tue 17th Jun Early"]
[Site "chess.com INT"]
[Date "2025.06.17"]
[Round "4"]
[White "Pranav, V"]
[Black "Gong, Qianyun"]
[Result "1-0"]
[WhiteTitle "GM"]
[BlackTitle "WGM"]
[WhiteElo "2595"]
[BlackElo "2228"]
[WhiteFideId "25060783"]
[BlackFideId "8602425"]
[EventDate "2025.06.17"]

1. e4 e6 2. d4 d5 3. Nc3 Bb4 4. e5 c5 5. Bd2 Ne7 6. a3 Bxc3 7. Bxc3 b6 8. h4 h6
9. Qg4 O-O 10. Ne2 Ba6 11. Bd2 Kh8 12. Qh5 Ng8 13. Nf4 Bxf1 14. Kxf1 cxd4 15.
Bb4 Nc6 16. Bxf8 Qxf8 17. Rh3 g6 18. Qe2 Qg7 19. Re1 Nge7 20. g4 Rc8 21. Rg3 Na5
22. Qa6 Rc7 23. c3 Nec6 24. cxd4 Nxd4 25. Rc3 Nac6 26. Qd3 Qf8 27. Rec1 Qd8 28.
Qg3 Kg7 29. Nd3 a5 30. g5 h5 31. Qf4 Qd7 32. Qf6+ Kg8 33. Nf4 Qe8 34. Kg2 Rb7
35. Kh3 a4 36. Rg1 Kh7 37. Nxh5 gxh5 38. Qh6+ Kg8 39. g6 Nf5 40. gxf7+ Kxf7 41.
Qf6# 1-0

[Event "Titled Tue 17th Jun Early"]
[Site "chess.com INT"]
[Date "2025.06.17"]
[Round "4"]
[White "Masague Artero, Guerau"]
[Black "Stankovic, Boris"]
[Result "0-1"]
[WhiteTitle "FM"]
[BlackTitle "FM"]
[WhiteElo "2326"]
[BlackElo "2298"]
[WhiteFideId "32098952"]
[BlackFideId "985317"]
[EventDate "2025.06.17"]

1. d4 Nf6 2. Nc3 d5 3. Bf4 g6 4. e3 Bg7 5. h4 h5 6. Nf3 O-O 7. Ne5 c5 8. Qd2 Nc6
9. f3 cxd4 10. exd4 Nd7 11. O-O-O Ndxe5 12. dxe5 d4 13. Ne2 Qd5 14. Kb1 Be6 15.
b3 Rfd8 16. Bh6 Qxe5 17. Bxg7 Kxg7 18. Nf4 Bf5 19. g4 hxg4 20. h5 Qe3 21. Qh2
Rh8 22. h6+ Kh7 23. Bc4 Nb4 24. Rd2 Rac8 25. fxg4 Be4 26. Bxf7 Nxc2 27. Bxg6+
Bxg6 28. Nxg6 Na3+ 29. Kb2 Qc3+ 30. Kxa3 Rc6 31. Ka4 Ra6+ 32. Kb5 Rb6+ 33. Ka4
Qb4# 0-1

[Event "Titled Tue 17th Jun Early"]
[Site "chess.com INT"]
[Date "2025.06.17"]
[Round "4"]
[White "Brancaleoni, Maurizio"]
[Black "Williams, Simon K"]
[Result "1/2-1/2"]
[WhiteTitle "FM"]
[BlackTitle "GM"]
[WhiteElo "2185"]
[BlackElo "2444"]
[WhiteFideId "803022"]
[BlackFideId "404454"]
[EventDate "2025.06.17"]

1. Nf3 f5 2. d3 Nc6 3. d4 e6 4. g3 Nf6 5. Bg2 d5 6. O-O Be7 7. Bf4 Ne4 8. Ne5
Nb8 9. Nd2 O-O 10. c3 g5 11. Nxe4 gxf4 12. Nd2 fxg3 13. hxg3 Nd7 14. Nxd7 Bxd7
15. f4 Kh8 16. Nf3 Rg8 17. Kf2 Qe8 18. Rh1 Qg6 19. Rh3 Bf6 20. Qh1 Rg7 21. Qh2
Rag8 22. Rh1 Be8 23. Ne5 Bxe5 24. dxe5 Qf7 25. Bf3 Qe7 26. Rh6 Bg6 27. Bh5 Bxh5
28. Qxh5 Rd8 29. e3 c5 30. Qh4 Qxh4 31. R1xh4 Re7 32. Rh1 d4 33. exd4 cxd4 34.
Rd1 d3 35. Rhh1 Kg7 36. Rd2 Red7 37. Rhd1 Kf7 38. Ke3 Rg8 39. Kf2 Rgd8 40. Ke3
Rg8 41. Kf2 Rgd8 1/2-1/2

[Event "Titled Tue 17th Jun Early"]
[Site "chess.com INT"]
[Date "2025.06.17"]
[Round "4"]
[White "Aakash, G"]
[Black "Mohylnyi, Stepan"]
[Result "0-1"]
[WhiteTitle "FM"]
[BlackTitle "FM"]
[WhiteElo "2123"]
[BlackElo "2314"]
[WhiteFideId "25644394"]
[BlackFideId "34127836"]
[EventDate "2025.06.17"]

1. d4 Nf6 2. c4 g6 3. Nc3 Bg7 4. Nf3 O-O 5. e4 d6 6. Be2 Nbd7 7. O-O e5 8. d5
Nc5 9. Qc2 a5 10. Be3 b6 11. a3 a4 12. Bxc5 bxc5 13. Nd2 Bd7 14. Kh1 Ne8 15. f4
f5 16. fxe5 dxe5 17. exf5 gxf5 18. Rae1 Nd6 19. Nf3 e4 20. Nd2 Qg5 21. g3 Rae8
22. Kg2 Qg6 23. Bd1 Bh6 24. Ne2 f4 25. Nc3 Bf5 26. Qxa4 f3+ 27. Nxf3 exf3+ 28.
Bxf3 Be4 29. Bxe4 Nxe4 30. Rxf8+ Bxf8 31. Qc2 Nd6 32. Qxg6+ hxg6 33. Rxe8 Nxe8
34. a4 Nd6 35. a5 Bg7 36. Nb5 Nxb5 37. cxb5 c4 38. d6 cxd6 39. b6 Bd4 40. Kf3 d5
41. Kf4 Kf7 42. h4 Ke6 43. Kg5 Kd6 44. Kxg6 Bxb2 45. h5 c3 46. a6 Kc6 47. h6 c2
48. b7 Kc7 49. h7 c1=Q 0-1

[Event "Titled Tue 17th Jun Early"]
[Site "chess.com INT"]
[Date "2025.06.17"]
[Round "4"]
[White "Krawczyk, Flawian"]
[Black "Xue, Haowen"]
[Result "0-1"]
[WhiteTitle "CM"]
[BlackTitle "GM"]
[WhiteElo "2247"]
[BlackElo "2518"]
[WhiteFideId "21881413"]
[BlackFideId "8625492"]
[EventDate "2025.06.17"]

1. e4 Nf6 2. e5 Nd5 3. c4 Nb6 4. d4 d6 5. f4 g6 6. Nc3 Bg7 7. Be3 Be6 8. b3 dxe5
9. fxe5 c5 10. d5 Bf5 11. Nf3 N8d7 12. Bf4 Bg4 13. Qe2 e6 14. O-O-O exd5 15.
cxd5 O-O 16. Nb5 c4 17. e6 Qf6 18. Rd4 fxe6 19. Bg5 Bxf3 20. Bxf6 Bxe2 21. Bxg7
Rxf1+ 22. Rxf1 Bxf1 23. dxe6 Kxg7 24. Nc7 Rd8 25. e7 Rc8 26. e8=Q Rxe8 27. Nxe8+
Kf7 28. Nd6+ Ke6 29. Nxb7 Bxg2 30. Na5 cxb3 31. axb3 Bd5 32. Kb2 Ne5 33. Kc3 g5
34. Kb4 Nf3 35. Rd1 Nxh2 36. Kb5 g4 37. Ka6 g3 38. Kxa7 g2 39. Rg1 Nd7 40. Nc4
Nf1 41. b4 h5 42. Nb2 Ne5 43. b5 h4 44. b6 h3 45. b7 h2 46. b8=N hxg1=Q+ 0-1

[Event "Titled Tue 17th Jun Early"]
[Site "chess.com INT"]
[Date "2025.06.17"]
[Round "4"]
[White "Plat, Vojtech"]
[Black "Otdelnov, Kirill"]
[Result "1-0"]
[WhiteTitle "GM"]
[BlackTitle "FM"]
[WhiteElo "2497"]
[BlackElo "2273"]
[WhiteFideId "325740"]
[BlackFideId "24280216"]
[EventDate "2025.06.17"]

1. e4 e6 2. d4 d5 3. Nd2 c5 4. exd5 Qxd5 5. Ngf3 cxd4 6. Bc4 Qd6 7. O-O Nf6 8.
Nb3 Nc6 9. Nbxd4 Nxd4 10. Nxd4 a6 11. c3 Qc7 12. Bb3 Bd7 13. Qf3 Bd6 14. h3
O-O-O 15. Be3 Kb8 16. Rfd1 e5 17. Nc2 Bc6 18. Qe2 Rhg8 19. Nb4 g5 20. Nxc6+ Qxc6
21. Bxf7 Rg7 22. Qc4 Rc8 23. Qxc6 Rxc6 24. Bd5 Nxd5 25. Rxd5 g4 26. hxg4 Rxg4
27. Rad1 Bc7 28. Rd7 Rcg6 29. Rxh7 Rxg2+ 30. Kf1 Rg1+ 31. Ke2 Rxd1 32. Kxd1 b5
33. Ke2 Kb7 34. f4 Kc6 35. f5 Rf6 36. Rh6 1-0

[Event "Titled Tue 17th Jun Early"]
[Site "chess.com INT"]
[Date "2025.06.17"]
[Round "4"]
[White "Sturt, Raven"]
[Black "Gibala, Adam"]
[Result "0-1"]
[WhiteTitle "GM"]
[BlackTitle "CM"]
[WhiteElo "2459"]
[BlackElo "2245"]
[WhiteFideId "2007304"]
[BlackFideId "21070288"]
[EventDate "2025.06.17"]

1. f4 Nh6 2. Nf3 d5 3. d3 g6 4. Qd2 Bg7 5. e4 c5 6. h3 Nc6 7. Nc3 d4 8. Nd1 f5
9. e5 Nf7 10. g3 b6 11. Bg2 Bb7 12. O-O e6 13. c4 O-O 14. a3 a5 15. Nf2 a4 16.
Qc2 Qd7 17. Bd2 Na5 18. Rad1 Nb3 19. Be1 b5 20. h4 bxc4 21. dxc4 h5 22. Nd3 Be4
23. Nd2 Qc6 24. Nxe4 fxe4 25. Nf2 d3 26. Qc3 Nd4 27. Kh2 Nf3+ 28. Bxf3 exf3 29.
Rxd3 Rab8 30. Nh3 Nh6 31. Rdxf3 Ng4+ 32. Kg1 Rb3 33. Ng5 Rxc3 34. Bxc3 Rd8 35.
Be1 Bh6 36. Ba5 Bxg5 37. fxg5 Ra8 38. Bc3 Qe4 39. Rf4 Qe2 0-1

[Event "Titled Tue 17th Jun Early"]
[Site "chess.com INT"]
[Date "2025.06.17"]
[Round "4"]
[White "Fiskaaen, Martin Holten"]
[Black "Nurgaliyev, Sauat"]
[Result "0-1"]
[WhiteTitle "FM"]
[BlackTitle "IM"]
[WhiteElo "2292"]
[BlackElo "2404"]
[WhiteFideId "1550233"]
[BlackFideId "13726285"]
[EventDate "2025.06.17"]

1. Nf3 c5 2. e4 d6 3. d4 cxd4 4. Nxd4 Nf6 5. Nc3 a6 6. f4 e5 7. Nb3 Nbd7 8. g4
h6 9. g5 hxg5 10. fxg5 Nh5 11. Qf3 Be7 12. h4 g6 13. Be3 b5 14. O-O-O Bb7 15.
Bh3 Rc8 16. Kb1 Rxc3 17. bxc3 Nb6 18. Rhf1 Rh7 19. Bg4 Na4 20. Bd2 Nf4 21. Bxf4
exf4 22. h5 Bxe4 23. Qh3 Qc7 24. Rde1 Nxc3+ 25. Ka1 d5 26. hxg6 Rxh3 27. g7 Bh7
28. g6 Bg8 29. Bxh3 Ne4 30. c4 Qe5+ 31. Kb1 bxc4 32. Na5 Ba3 33. gxf7+ Kxf7 34.
Nc6 Qb2# 0-1

[Event "Titled Tue 17th Jun Early"]
[Site "chess.com INT"]
[Date "2025.06.17"]
[Round "4"]
[White "Tilak, Sharad S"]
[Black "Robert, Yoann"]
[Result "0-1"]
[WhiteTitle "IM"]
[BlackTitle "CM"]
[WhiteElo "2191"]
[BlackElo "2203"]
[WhiteFideId "5000165"]
[BlackFideId "36018805"]
[EventDate "2025.06.17"]

1. e4 c5 2. Nf3 Nc6 3. d4 cxd4 4. Nxd4 Nf6 5. Nc3 e5 6. Ndb5 h6 7. a4 d6 8. Nd5
Nxd5 9. exd5 Ne7 10. c3 a6 11. Na3 Nf5 12. Nc4 Be7 13. Bd3 O-O 14. a5 Rb8 15.
Nb6 Nh4 16. O-O f5 17. g3 Ng6 18. Qh5 Rf6 19. Bd2 e4 20. Be2 Ne5 21. f4 Nd7 22.
Be3 Nxb6 23. axb6 Bd7 24. c4 Be8 25. Qh3 Rc8 26. b4 Bf7 27. Rac1 Kh7 28. Rfd1
Bg8 29. Bd4 g6 30. Bxf6 Bxf6 31. c5 dxc5 32. bxc5 Rxc5 33. Rxc5 Qxb6 34. g4
Qxc5+ 35. Kh1 Bxd5 36. gxf5 e3+ 37. Kg1 Qc2 38. fxg6+ Qxg6+ 39. Kf1 Be4 40. Bh5
Qf5 0-1

[Event "Titled Tue 17th Jun Early"]
[Site "chess.com INT"]
[Date "2025.06.17"]
[Round "4"]
[White "Rathbone-Jones, Ifan"]
[Black "Loskutova, Viktoriya"]
[Result "0-1"]
[WhiteTitle "CM"]
[BlackTitle "WFM"]
[WhiteElo "2208"]
[BlackElo "2092"]
[WhiteFideId "1803859"]
[BlackFideId "34166278"]
[EventDate "2025.06.17"]

1. d4 Nf6 2. Bf4 g6 3. Nc3 Bg7 4. e4 d6 5. Qd2 Nbd7 6. O-O-O O-O 7. f3 c5 8. d5
a6 9. Bh6 b5 10. h4 Qa5 11. h5 b4 12. Nb1 Qxa2 13. Bxg7 Kxg7 14. hxg6 fxg6 15.
Qh6+ Kf7 16. g4 Rg8 17. g5 Nh5 18. Rxh5 gxh5 19. Qxh5+ Kf8 20. Qxh7 Ne5 21. Qh6+
Ke8 22. f4 Ng4 23. Qh5+ Kd8 24. Qh7 Rf8 25. f5 Bd7 26. Bh3 Ne5 27. g6 Nc4 28.
Qg7 Kc7 29. b3 Ne3 30. Rd2 a5 31. Qb2 Qxb2+ 32. Kxb2 a4 33. Nf3 a3+ 34. Ka2 Bb5
35. c4 Nxc4 36. bxc4 Bxc4+ 37. Ka1 b3 38. Ng5 Rfb8 39. Ne6+ Kd7 40. Nxa3 Rxa3+
41. Kb1 Rba8 42. f6 Ra1+ 43. Kb2 R8a2+ 44. Kc3 Rc1+ 45. Rc2 Rcxc2# 0-1

[Event "Titled Tue 17th Jun Early"]
[Site "chess.com INT"]
[Date "2025.06.17"]
[Round "4"]
[White "Swara Lakshmi S Nair"]
[Black "Aaradhya Das"]
[Result "1-0"]
[WhiteTitle "WCM"]
[BlackTitle "WCM"]
[WhiteElo "2187"]
[BlackElo "1786"]
[WhiteFideId "25629239"]
[BlackFideId "33361436"]
[EventDate "2025.06.17"]

1. e4 e5 2. Nf3 Nc6 3. Bb5 a6 4. Ba4 Nge7 5. d4 exd4 6. Nxd4 g6 7. O-O Bg7 8.
Be3 O-O 9. Nc3 b5 10. Bb3 Bb7 11. Nd5 Kh8 12. a4 b4 13. c3 bxc3 14. bxc3 Nxd5
15. exd5 Ne7 16. Ne2 Nf5 17. Bf4 d6 18. Bc2 Nh4 19. Qd2 Qd7 20. Bg5 Nf5 21. Ng3
Nxg3 22. fxg3 f5 23. Rae1 Rae8 24. c4 c6 25. Bb3 cxd5 26. cxd5 Qc7 27. Re6 Qb6+
28. Qe3 Bd4 29. Rxe8 Bxe3+ 30. Bxe3 Qxb3 31. Rxf8+ Kg7 32. Re8 Qxd5 33. Rf2 Bc6
34. Rc8 Bxa4 35. Rd2 Qe4 36. Rc7+ Kf8 37. Kf2 1-0

[Event "Titled Tue 17th Jun Early"]
[Site "chess.com INT"]
[Date "2025.06.17"]
[Round "4"]
[White "Melamed, Daniel"]
[Black "Molenda, Marcin"]
[Result "0-1"]
[WhiteTitle "CM"]
[BlackTitle "IM"]
[WhiteElo "2047"]
[BlackElo "2376"]
[WhiteFideId "3229076"]
[BlackFideId "1173065"]
[EventDate "2025.06.17"]

1. d4 d5 2. Bf4 Nf6 3. e3 c5 4. c3 Nc6 5. Nf3 Bg4 6. Nbd2 e6 7. Bd3 Be7 8. O-O
O-O 9. Qc2 Rc8 10. a3 a6 11. Ne5 cxd4 12. Nxc6 Rxc6 13. exd4 b5 14. h3 Bh5 15.
g4 Bg6 16. Nf3 Bxd3 17. Qxd3 Ne4 18. Ne5 Rc8 19. f3 Nd6 20. Qe2 Nc4 21. Rae1 Bd6
22. Nd3 a5 23. Qh2 Be7 24. Re2 b4 25. axb4 axb4 26. b3 Na3 27. cxb4 Qb6 28. Qf2
Bxb4 29. Nxb4 Qxb4 30. Ra1 Nb5 31. Be5 Qxb3 32. Rb2 Qc4 33. Rab1 Nc3 34. Re1 Ra8
35. Kh2 Ra2 36. Rxa2 Nxa2 37. Ra1 Nb4 38. Ra7 Nd3 39. Kg3 Nxf2 0-1

[Event "Titled Tue 17th Jun Early"]
[Site "chess.com INT"]
[Date "2025.06.17"]
[Round "4"]
[White "Gurel, Ediz"]
[Black "Rustemov, Alexander"]
[Result "1-0"]
[WhiteTitle "GM"]
[BlackTitle "GM"]
[WhiteElo "2636"]
[BlackElo "2525"]
[WhiteFideId "44507356"]
[BlackFideId "4119002"]
[EventDate "2025.06.17"]

1. Nf3 d5 2. b3 Bf5 3. Bb2 e6 4. e3 Nf6 5. Be2 h6 6. O-O Bd6 7. c4 c6 8. d3 O-O
9. Nc3 Bh7 10. a3 a5 11. Qc2 Nbd7 12. cxd5 exd5 13. h3 Re8 14. Rfd1 Qe7 15. Na4
b5 16. Nc3 Rac8 17. Bf1 Bg6 18. Ne2 Bh5 19. Ned4 Bxf3 20. Nxf3 c5 21. a4 b4 22.
Rac1 Nb6 23. Qb1 Rc7 24. e4 Nbd7 25. Re1 d4 26. g3 g5 27. Qc2 Ne5 28. Nxe5 Qxe5
29. Rcd1 Nh5 30. Bc1 Rce7 31. Be2 Nxg3 32. Bf3 f5 33. fxg3 Qxg3+ 34. Qg2 Qh4 35.
Rf1 f4 36. Bd2 Rg7 37. Be1 1-0

[Event "Titled Tue 17th Jun Early"]
[Site "chess.com INT"]
[Date "2025.06.17"]
[Round "4"]
[White "Mindlin, Alon"]
[Black "Huh, Isaak"]
[Result "1-0"]
[WhiteTitle "IM"]
[BlackTitle "CM"]
[WhiteElo "2451"]
[BlackElo "2139"]
[WhiteFideId "2800071"]
[BlackFideId "13209590"]
[EventDate "2025.06.17"]

1. e4 e5 2. Nf3 Nc6 3. Nc3 Nf6 4. Bb5 Bb4 5. O-O O-O 6. d3 d6 7. Bg5 Bg4 8. Nd5
Nd4 9. c3 Nxb5 10. Bxf6 gxf6 11. Nxb4 c6 12. Nc2 Kh8 13. Ne3 Bh5 14. g4 Rg8 15.
h3 d5 16. Nh4 Nd6 17. Qf3 Bg6 18. Nhf5 Bxf5 19. exf5 Qb6 20. Rab1 e4 21. Qg3
Rad8 22. Qh4 Kg7 23. d4 h5 24. gxh5 Kf8+ 25. Kh1 Ke7 26. Ng4 Ne8 27. Rg1 Qa6 28.
Rbe1 Qxa2 29. h6 Qxb2 30. Rb1 Qxc3 31. Rxb7+ Kd6 32. Qg3+ Qxg3 33. Rxg3 a5 34.
Ne5 fxe5 35. dxe5+ Kxe5 36. Rxg8 d4 37. h7 d3 38. h8=Q+ Kf4 39. Qh4+ Kf3 40.
Qxd8 Nd6 41. Qxd6 1-0

[Event "Titled Tue 17th Jun Early"]
[Site "chess.com INT"]
[Date "2025.06.17"]
[Round "4"]
[White "Herpai, Jozsef Matyas"]
[Black "Zakirov, Musa"]
[Result "0-1"]
[WhiteTitle "CM"]
[BlackTitle "FM"]
[WhiteElo "2056"]
[BlackElo "2209"]
[WhiteFideId "786179"]
[BlackFideId "44189222"]
[EventDate "2025.06.17"]

1. e4 c5 2. Nc3 d6 3. Nge2 Nf6 4. d4 cxd4 5. Nxd4 a6 6. Rg1 h5 7. Bg5 Nbd7 8.
Qd2 b5 9. Nd5 Bb7 10. Nxf6+ gxf6 11. Be3 Bxe4 12. a4 b4 13. f3 Bb7 14. Qxb4 Rb8
15. Qd2 e6 16. Bd3 Be7 17. O-O-O Qc7 18. Kb1 Bc8 19. g4 hxg4 20. Rxg4 Nc5 21.
Rdg1 Nxa4 22. Rg8+ Rxg8 23. Rxg8+ Kd7 24. b3 Nc5 25. Bc4 Bb7 26. Rxb8 Qxb8 27.
Nf5 exf5 28. Bxc5 Bxf3 29. Bxf7 Be4 30. Kb2 d5 31. Bxe7 Kxe7 32. Bxd5 Qe5+ 33.
Qc3 Qxc3+ 0-1

[Event "Titled Tue 17th Jun Early"]
[Site "chess.com INT"]
[Date "2025.06.17"]
[Round "4"]
[White "Yatskar, Martin"]
[Black "Caku, Kler"]
[Result "1-0"]
[WhiteTitle "CM"]
[BlackTitle "WFM"]
[WhiteElo "2225"]
[BlackElo "2010"]
[WhiteFideId "34109676"]
[BlackFideId "4704703"]
[EventDate "2025.06.17"]

1. d4 d5 2. c4 Nf6 3. Nc3 e6 4. cxd5 exd5 5. Bg5 Be7 6. e3 O-O 7. Bd3 c6 8. Qc2
h6 9. Bf4 Re8 10. h3 Bd6 11. Bxd6 Qxd6 12. Nf3 Nbd7 13. O-O Nf8 14. Rfe1 a6 15.
Rad1 b5 16. e4 dxe4 17. Nxe4 Nxe4 18. Bxe4 Bb7 19. Ne5 Rac8 20. Re3 Rc7 21. Nd3
Ne6 22. Nc5 Bc8 23. Bf5 Rce7 24. Bxe6 Bxe6 25. b3 Bd5 26. Rde1 Rxe3 27. Rxe3
Rxe3 28. fxe3 a5 29. e4 Be6 30. Nxe6 Qxe6 31. Qd3 Qd6 32. a4 bxa4 33. bxa4 Qb4
34. Qd1 Qb6 35. Kh1 Kf8 36. d5 cxd5 37. exd5 Ke7 38. Qe1+ Kd6 39. Qg3+ Kxd5 40.
Qxg7 Qb1+ 41. Kh2 Qb8+ 42. Kg1 Qb6+ 43. Kf1 Qb1+ 44. Kf2 Qf5+ 45. Kg3 Qe5+ 46.
Qxe5+ Kxe5 47. Kg4 Kd5 48. Kh5 Kc4 49. Kxh6 Kb4 50. Kg5 Kxa4 51. h4 Kb3 52. h5
a4 53. h6 a3 54. h7 a2 55. h8=Q 1-0

[Event "Titled Tue 17th Jun Early"]
[Site "chess.com INT"]
[Date "2025.06.17"]
[Round "4"]
[White "Roebers, Jan"]
[Black "Cherepov, Alexej"]
[Result "1-0"]
[WhiteTitle "FM"]
[BlackTitle "CM"]
[WhiteElo "2056"]
[BlackElo "2083"]
[WhiteFideId "1007815"]
[BlackFideId "13503650"]
[EventDate "2025.06.17"]

1. e4 Nf6 2. e5 Nd5 3. d4 d6 4. c4 Nb6 5. Nf3 Bg4 6. exd6 exd6 7. Nc3 Be7 8. b3
O-O 9. Be2 Nc6 10. O-O Bf6 11. Be3 Re8 12. Qd2 d5 13. c5 Nc8 14. h3 Bf5 15. Rad1
h6 16. Rfe1 N8e7 17. Bf4 Ng6 18. Bg3 a6 19. Bd3 Bxd3 20. Qxd3 Qd7 21. Ne5 Ncxe5
22. dxe5 Bxe5 23. Bxe5 Nxe5 24. Qxd5 Qxd5 25. Nxd5 Rac8 26. f4 Nc6 27. Rxe8+
Rxe8 28. Nxc7 Re2 29. a4 Re3 30. b4 Nxb4 31. Rd8+ Kh7 32. Rd7 Kg6 33. Ne8 Rxe8
34. Rxb7 a5 35. Rb5 Ra8 36. Kf2 Kf5 37. Kf3 h5 38. g4+ hxg4+ 39. hxg4+ Ke6 40.
Ke4 g6 41. f5+ gxf5+ 42. gxf5+ Kf6 43. Rb6+ Kg5 44. f6 Re8+ 45. Kd4 Rd8+ 46. Kc4
Kf5 47. Kb5 Ra8 48. c6 Nd5 49. Rb7 Kxf6 50. Kc5 Ke6 51. Rb1 Nc7 52. Re1+ Kf6 53.
Kb6 Ne6 54. Kb7 Re8 55. c7 Re7 56. Kb6 1-0

[Event "Titled Tue 17th Jun Early"]
[Site "chess.com INT"]
[Date "2025.06.17"]
[Round "4"]
[White "Demchenko, Svitlana"]
[Black "Laddha, Shubh Jayesh"]
[Result "0-1"]
[WhiteTitle "WIM"]
[BlackTitle "FM"]
[WhiteElo "2135"]
[BlackElo "2303"]
[WhiteFideId "14149893"]
[BlackFideId "30942799"]
[EventDate "2025.06.17"]

1. e4 c5 2. Nf3 d6 3. d4 cxd4 4. Nxd4 Nf6 5. Nc3 g6 6. f3 Bg7 7. Be3 Nc6 8. Qd2
O-O 9. g4 Be6 10. O-O-O Ne5 11. h4 Rc8 12. h5 Qa5 13. a3 Bc4 14. hxg6 fxg6 15.
g5 Nh5 16. Bh3 Bf7 17. Bxc8 Rxc8 18. Nd5 Qd8 19. b3 e6 20. Nf4 Nxf4 21. Bxf4 Qb6
22. Be3 Qa6 23. a4 Nc4 24. bxc4 Qxa4 25. Qd3 Rxc4 26. Nb3 Be5 27. Kd2 Qb4+ 28.
Ke2 Be8 29. Kf2 Bb5 0-1

[Event "Titled Tue 17th Jun Early"]
[Site "chess.com INT"]
[Date "2025.06.17"]
[Round "4"]
[White "Tikhonov, Viacheslav"]
[Black "Chassard, Cedric"]
[Result "0-1"]
[WhiteTitle "CM"]
[BlackTitle "FM"]
[WhiteElo "2183"]
[BlackElo "2250"]
[WhiteFideId "44196407"]
[BlackFideId "16243536"]
[EventDate "2025.06.17"]

1. e4 e5 2. Nf3 Nf6 3. Nxe5 Nxe4 4. Qe2 Qe7 5. Qxe4 d6 6. d4 dxe5 7. dxe5 Nc6 8.
Bb5 Bd7 9. O-O O-O-O 10. Nc3 Nxe5 11. Bf4 Ng6 12. Qa4 Nxf4 13. Qxa7 Bxb5 14.
Nxb5 Qe4 15. f3 Qxc2 16. Qa8+ Kd7 17. Rad1+ Bd6 18. Rxd6+ cxd6 19. Qxb7+ Ke8 20.
Re1+ Ne6 21. Nc7+ Kf8 22. Rxe6 Qc1+ 23. Kf2 g6 24. Re2 Qc5+ 25. Kf1 Qf5 26. h3
h5 27. Kg1 h4 28. Re1 Kg8 29. Nd5 Kg7 30. Ne3 Qc5 31. Kh1 Rhe8 32. Qb3 d5 33.
Qd3 d4 34. Nc2 Qxc2 0-1

[Event "Titled Tue 17th Jun Early"]
[Site "chess.com INT"]
[Date "2025.06.17"]
[Round "4"]
[White "Jakubowski, Krzysztof"]
[Black "Caprio, Guido"]
[Result "1-0"]
[WhiteTitle "GM"]
[BlackTitle "IM"]
[WhiteElo "2448"]
[BlackElo "2435"]
[WhiteFideId "1112848"]
[BlackFideId "834580"]
[EventDate "2025.06.17"]

1. e4 d6 2. d4 Nf6 3. Nc3 e6 4. f4 Be7 5. Nf3 O-O 6. Bd3 c5 7. dxc5 dxc5 8. e5
Nd5 9. h4 Nxc3 10. bxc3 c4 11. Bxc4 Qxd1+ 12. Kxd1 Nd7 13. Ke2 Nb6 14. Bb3 Bd7
15. Nd4 Rfc8 16. Bd2 Nc4 17. Bxc4 Rxc4 18. g3 Ra4 19. Rhb1 b6 20. Rb3 h5 21. Kd3
Rd8 22. Be3 Bc8 23. Kd2 Ba6 24. Ke1 Rc8 25. Bd2 f6 26. exf6 Bxf6 27. Be3 e5 28.
fxe5 Bxe5 29. Kf2 Rf8+ 30. Kg2 Bb7+ 31. Kh2 Rc4 32. Re1 Bb8 33. Re2 Rc5 34. Rb5
Rf1 35. Bg1 Bxg3+ 36. Kxg3 Rxg1+ 37. Kf2 Rg2+ 38. Ke1 Rxc3 39. Rxg2 Bxg2 40. Rg5
Rc4 41. Nf5 Rg4 42. Nh6+ Kh7 43. Nxg4 hxg4 44. Rxg4 Bd5 45. a3 Kh6 46. Rg5 Be6
47. Kd2 Bf7 48. Ke3 Bg6 49. c3 Bf7 50. Kd4 Bg6 51. Ke5 Bd3 52. Kd6 Be2 53. Kc7
Bd3 54. Kb7 b5 55. Kxa7 Bg6 56. Rxb5 Bh5 57. Rg5 g6 58. Kb6 1-0

[Event "Titled Tue 17th Jun Early"]
[Site "chess.com INT"]
[Date "2025.06.17"]
[Round "4"]
[White "Terry, Renato"]
[Black "Szpar, Milosz"]
[Result "1-0"]
[WhiteTitle "IM"]
[BlackTitle "IM"]
[WhiteElo "2508"]
[BlackElo "2495"]
[WhiteFideId "3803457"]
[BlackFideId "1184989"]
[EventDate "2025.06.17"]

1. d4 Nf6 2. Nf3 e6 3. c4 d5 4. Nc3 Be7 5. Bf4 O-O 6. e3 c5 7. dxc5 Bxc5 8. a3
Nc6 9. Be2 dxc4 10. Bxc4 Qxd1+ 11. Rxd1 b6 12. Ng5 Bb7 13. Nge4 Be7 14. Nd6 Bxd6
15. Bxd6 Rfd8 16. f3 Rac8 17. Bf4 h6 18. Be2 Nh5 19. Bd6 Na5 20. Kf2 Nf6 21. e4
Nc4 22. Bxc4 Rxc4 23. Be5 Rcc8 24. Ke3 Nd7 25. Bd6 Nb8 26. Bxb8 Rxb8 27. Nb5 a6
28. Nd6 Kf8 29. Rd2 Ke7 30. Rhd1 Bc6 31. e5 g6 32. Rc1 Bd5 33. Rc7+ Rd7 34. Rdc2
f5 35. h4 g5 36. Rc8 Rxc8 37. Rxc8 f4+ 38. Kd4 gxh4 39. Re8# 1-0

[Event "Titled Tue 17th Jun Early"]
[Site "chess.com INT"]
[Date "2025.06.17"]
[Round "4"]
[White "Xalmatov, Yakubjon"]
[Black "Tekeyev, Zaur"]
[Result "1-0"]
[WhiteTitle "CM"]
[BlackTitle "IM"]
[WhiteElo "2096"]
[BlackElo "2407"]
[WhiteFideId "14201615"]
[BlackFideId "4199731"]
[EventDate "2025.06.17"]

1. e4 e5 2. Nf3 Nc6 3. Bb5 a6 4. Ba4 Nf6 5. d3 d6 6. O-O Bd7 7. Nc3 b5 8. Bb3
Na5 9. h3 Be7 10. Ne2 O-O 11. Ng3 c5 12. Bd2 Nxb3 13. axb3 b4 14. Re1 Re8 15. c3
a5 16. d4 Qc7 17. d5 Ra7 18. Rf1 Rea8 19. Ne1 bxc3 20. Bxc3 Bb5 21. Nd3 c4 22.
Nc1 cxb3 23. Re1 a4 24. Bb4 Qc4 25. Ba3 Rc8 26. Qf3 Bf8 27. Nf5 Ne8 28. Ne2 Bd7
29. Ne3 Qa6 30. Ng3 Rac7 31. h4 g6 32. h5 Bh6 33. hxg6 hxg6 34. Kh2 Kg7 35. Ng4
Bxg4 36. Qxg4 Nf6 37. Nf5+ Kh7 38. Qh4 gxf5 39. Qxf6 f4 40. Bxd6 Rd7 41. Qf5+
Kg7 42. Qxd7 Rh8 43. Bxe5+ Kg6 44. Qf5# 1-0

[Event "Titled Tue 17th Jun Early"]
[Site "chess.com INT"]
[Date "2025.06.17"]
[Round "4"]
[White "Mata Gonzalez, Jose Fernando"]
[Black "Tulendinov, Dinmukhammed"]
[Result "0-1"]
[WhiteTitle "CM"]
[BlackTitle "FM"]
[WhiteElo "2164"]
[BlackElo "2104"]
[WhiteFideId "5107423"]
[BlackFideId "13730860"]
[EventDate "2025.06.17"]

1. e4 c5 2. d4 cxd4 3. c3 dxc3 4. Nxc3 Nc6 5. Bc4 e6 6. f4 a6 7. Nf3 Bc5 8. e5
d5 9. exd6 Qxd6 10. Qe2 Nf6 11. Bd2 O-O 12. O-O-O Qc7 13. Kb1 b5 14. Bb3 Bb7 15.
Be3 Bxe3 16. Qxe3 Nb4 17. Ne5 Nbd5 18. Nxd5 Nxd5 19. Qh3 Nxf4 20. Qe3 Nxg2 21.
Qg3 Rad8 22. Rc1 Qb8 23. Rhg1 Be4+ 24. Ka1 Rd2 25. Qg5 Rfd8 26. Rgf1 h6 27. Qg3
Bf5 28. h3 f6 29. Nf7 Qxg3 0-1